Избранные произведения. Т. 2: Деревня на перепутье (Запись № 5343284)

Подробности
000 -МАРКЕР
контрольное поле 00924nam2a22002171 4500
001 - ИДЕНТИФИКАТОР ЗАПИСИ
контрольное поле rc\406662
005 - ИДЕНТИФИКАТОР ВЕРСИИ
контрольное поле 20250621134443.0
035 ## - ДРУГИЕ СИСТЕМНЫЕ НОМЕРА
Идентификатор записи (NLR Aleph) 005805922
100 ## - ДАННЫЕ ОБЩЕЙ ОБРАБОТКИ
Данные общей обработки 20030616d1988 |||y0rusy50 ca
101 0# - ЯЗЫК РЕСУРСА
Язык текста, звукозаписи и т.д. русский
102 ## - СТРАНА ПУБЛИКАЦИИ ИЛИ ПРОИЗВОДСТВА
Страна публикации Российская Федерация
105 ## - ПОЛЕ КОДИРОВАННЫХ ДАННЫХ: ТЕКСТОВЫЕ МАТЕРИАЛЫ, МОНОГРАФИЧЕСКИЕ
Кодированные данные о монографическом текстовом документе y |||||||||
200 1# - ЗАГЛАВИЕ И СВЕДЕНИЯ ОБ ОТВЕТСТВЕННОСТИ
Основное заглавие Деревня на перепутье
Сведения, относящиеся к заглавию Роман
215 ## - ФИЗИЧЕСКАЯ ХАРАКТЕРИСТИКА
Специфическое обозначение материала и объем 446, [2] с.
461 #0 - УРОВЕНЬ НАБОРА
Встроенное поле 001rc\406660
-- 2001#$aИзбранные произведения$eВ 2 т.$fЙонас Авижюс$gПер. с литов. В. Чепайтиса$g[Вступ. ст. А. Бучиса]$vТ. 2
-- 700#1$aАвижюс$bЙ.$gЙонас$f1922-
Системный номер (АБИС) связанной записи 5343265
Автор Авижюс, Й. (1922-)
Место публикации М.
Дата публикации 1988
Первые сведения об ответственности Йонас Авижюс
Имя издателя, распространителя и т.д. Худож. лит.
Сведения, относящиеся к заглавию В 2 т.
Заглавие Избранные произведения
ISBN 5280002402
Номер тома Т. 2
801 #0 - ИСТОЧНИК ЗАПИСИ
Страна Российская Федерация
Организация NLR
Правила каталогизации psbo
801 #1 - ИСТОЧНИК ЗАПИСИ
Страна Российская Федерация
Организация ELAR
Источник данных rusmarc
852 ## - МЕСТОНАХОЖДЕНИЕ И ШИФР ХРАНЕНИЯ
Идентификатор организации NLR
Шифр хранения (Call Number) 88-3/9113
942 ## - ДОПОЛНИТЕЛЬНЫЕ ЭЛЕМЕНТЫ ЗАПИСИ (АБИС)
Тип экземпляра АБИС Книга
980 ## - КОЛЛЕКЦИЯ
Название коллекции Национальная библиография
Экземпляры
Тип экземпляра Дата поступления Библиотека постоянного хранения Библиотека текущего хранения Место хранения Шифр хранения Штрих-код Статус экземпляра
Книга 26.10.2013 РНБ (Московский) РНБ (Московский) Русский книжный фонд: издания с 1957 года 88-3/9113 5805922-10